00421nam a2200157Ia 450000500170000000800410001702000150005808200230007310000110009624500650010726000400017230000160021265000100022865000150023865000100025320250325035611.0240331s9999 xx 000 0 und d a8170010888 a302.232bJHA21794 aJha, R 0aWomen and the Indian Print Media:bPortrayal and Performance aDelhi,bChanakya Publicationsc1992 axv, 208 p., aWomen aJournalism aMedia